Concelhos de Beja - Statistics

Estatísticas Gerais
  • Esse quiz foi jogado 168 vezes
  • A pontuação média é 10 de 14
Respostas no mapa
Respostas codificadas por cores de uma escala verde-vermelha no mapa do quiz de acordo com a % correta abaixo.
 
Estatísticas das Respostas
Concelho % Correto
Beja
94%
Odemira
85%
Cuba
82%
Ourique
79%
Almodôvar
76%
Serpa
76%
Ferreira do Alentejo
74%
Mértola
74%
Moura
74%
Vidigueira
71%
Alvito
68%
Barrancos
68%
Aljustrel
65%
Castro Verde
62%
Nenhum quiz correspondente encontrado
Distribuição das Pontuações
Porcentagem de Pessoas com Cada Pontuação
Percentil de Números Respondidos
Sua Pontuação Histórica
Você não jogou esse quiz